The widow's mite & other stories / (Record no. 1108)

000 -LEADER
fixed length control field 00865nam a22002777a 4500
001 - CONTROL NUMBER
control field 2424739
003 - CONTROL NUMBER IDENTIFIER
control field OSt
005 - DATE AND TIME OF LATEST TRANSACTION
control field 20210426124252.0
008 - FIXED-LENGTH DATA ELEMENTS--GENERAL INFORMATION
fixed length control field 890210s1987 gau 000 1 eng
010 ## - LIBRARY OF CONGRESS CONTROL NUMBER
LC control number 87080971
020 ## - INTERNATIONAL STANDARD BOOK NUMBER
International Standard Book Number 0934601267
040 ## - CATALOGING SOURCE
Original cataloging agency DLC
Transcribing agency DLC
Modifying agency DLC
050 00 - LIBRARY OF CONGRESS CALL NUMBER
Classification number PS3569.A46656
Item number W54 1987
080 ## - UNIVERSAL DECIMAL CLASSIFICATION NUMBER
Universal Decimal Classification number 821.111
Item number S-19
082 00 - DEWEY DECIMAL CLASSIFICATION NUMBER
Classification number 813/.54
Edition number 19
100 1# - MAIN ENTRY--PERSONAL NAME
Personal name Sams, Ferrol,
Dates associated with a name 1922-2013.
245 14 - TITLE STATEMENT
Title The widow's mite & other stories /
Statement of responsibility, etc. Ferrol Sams.
260 ## - PUBLICATION, DISTRIBUTION, ETC.
Place of publication, distribution, etc. Atlanta, Ga. :
Name of publisher, distributor, etc. Peachtree Publishers,
Date of publication, distribution, etc. c1987.
300 ## - PHYSICAL DESCRIPTION
Extent 218 p. ;
Dimensions 24 cm.
650 #0 - SUBJECT ADDED ENTRY--TOPICAL TERM
Topical term or geographic name entry element City and town life
Form subdivision Fiction.
651 #0 - SUBJECT ADDED ENTRY--GEOGRAPHIC NAME
Geographic name Georgia
General subdivision Social life and customs
Form subdivision Fiction.
653 ## - INDEX TERM--UNCONTROLLED
Uncontrolled term ინგლისური ლიტერატურა
740 0# - ADDED ENTRY--UNCONTROLLED RELATED/ANALYTICAL TITLE
Uncontrolled related/analytical title Widow's mite and other stories.
906 ## - LOCAL DATA ELEMENT F, LDF (RLIN)
a 7
b cbc
c orignew
d 3
e opcn
f 19
g y-gencatlg
942 ## - ADDED ENTRY ELEMENTS (KOHA)
Source of classification or shelving scheme
Koha item type Books
Holdings
Withdrawn status Lost status Source of classification or shelving scheme Damaged status Not for loan Permanent location Current location Date acquired Inventory number Full call number Barcode Date last seen Price effective from Koha item type
          Ken Walker International University Ken Walker International University 02/01/2021 855 821.111 S-19 855 02/01/2021 02/01/2021 Books

Powered by Koha